000
00279nam a22001217a 4500
008
181012b xxu||||| |||| 00| 0 eng d
041
_a
eng
080
_2
12th
_a
611.085
100
_a
9
101
_a
HIS
245
_a
Basic Histology Text & Atlas
_c
Mescher,A.L
942
_2
udc
_c
BK
999
_c
49530
_d
49530